Biografía argentina (Registro nro. 33293)

Detalles MARC
000 -LEADER
campo de control de longitud fija 00447nam a2200145 i 4500
001 - NÚMERO DE CONTROL
campo de control 33293
003 - IDENTIFICADOR DE NÚMERO DE CONTROL
campo de control ES-MaACL
007 - CAMPO FIJO DE DESCRIPCIÓN FÍSICA--INFORMACIÓN GENERAL
campo de control de longitud fija t|
008 - DATOS DE LONGITUD FIJA--INFORMACIÓN GENERAL
campo de control de longitud fija 030201s1909 ag ||||1| spa d
100 1# - ENTRADA PRINCIPAL--NOMBRE DE PERSONA
Nombre de persona Biedma, José Juan.
9 (RLIN) 28800
245 10 - MENCIÓN DEL TÍTULO
Título Biografía argentina
Resto del título : Suarez y Olavarría : memorias y bosquejo biográfico /
Mención de responsabilidad, etc. José Juan Biedma.
260 ## - PUBLICACIÓN, DISTRIBUCIÓN, ETC.
Lugar de publicación, distribución, etc. Buenos Aires :
Nombre del editor, distribuidor, etc. Cabaut y Cía.,
Fecha de publicación, distribución, etc. 1909.
300 ## - DESCRIPCIÓN FÍSICA
Extensión 173 p. ;
Dimensiones 23 cm.
852 ## - LOCALIZACIÓN
Ubicación ES-MaACL
Número de control de estantería G-5373
Existencias
Estatus retirado Estado de pérdida Estado de daño No para préstamo Biblioteca de origen Biblioteca actual Ubicación en estantería Fecha de adquisición Fuente de adquisición Total de préstamos Signatura topográfica completa Código de barras Visto por última vez Precio de reemplazo Tipo de ítem Koha
        Biblioteca del Ateneo de Madrid Biblioteca del Ateneo de Madrid Depósito 2 17/01/2008     G-5373 1034617 23/02/2023 23/02/2023 Libro impreso